000 00284nam a2200109Ia 4500
008 200302s9999 xx 000 0 und d
100 _aFaculty of Architecture
245 _aCampus History Cross Sections
260 _bCept University Press Ahmedabad
260 _c2012
300 _a58 P.,
999 _c3211
_d3211